1364 1872 1813 1493 1268 1428 1777 1139 1268 1121 1038 1399 1424 1058 1991 1898 1424 1225 1344 1553 1840 1676 1242 1729 1227 1551 1447 1088 1516 1820 1692 1862 1486 1353 1807 1444 1887 1262 1935 1639 1840 1427 1140 1157 1662 1163 1695 1470 1111 1011 1729 1563 1576 1744 1816 1672 1573 1942 1615 1369 1076 1630 1557 1953 1924 1587 1421 1267 1975 1507 1395 1445 1278 1681 1485 1169 1583 1334 1900 1808 1252 1475 1544 1670 1754 1309 1356 1116 1140 1527 1847 1188 1495 1569 1810 1217 1772 1734 1434 BCNSPRNW ULIB Ver.6.0+V

เปลี่ยนเป็นภาษาไทย

Change to English
 แสดงรายละเอียดบรรณานุกรม
  กลับหน้าหลัก

Brief Record : Get Marc (ISO 2709) : E-mail record : QR code < ปิดหน้าต่าง
LEADER : 00000nam 2200000uu 4500
001    13399109258
003     ULIB
008    110324s2545||||th 000 0 tha d
060 04 WA540JT3^bพ159อ 2545
110 1  กระทรวงสาธารณสุข^bสำนักงานโครงการปฏิรูประบบบริการสาธารณสุข
245 00 เหลียวมองประสบการณ์:การกระจายอำนาจที่ประเทศฟิลิปปินส์ /^cพงษ์พิสุทธิ์ จงอุดมสุข และคณะ
260    นนทบุรี :^bสำนักงานโครงการปฏิรูประบบบริการสาธารณสุข,^c2545
300    95 หน้า :^bภาพประกอบ
650  7 สาธารณสุข^xฟิลิปปินส์
945    ^p0^l0^i013238
995     ทศพร
999 ^a ใช้งานได้ทุกระบบ
รายการนี้ยังไม่มีแท็ก
คุณยังไม่ได้ล็อกอิน คุณสามารถมีกิจกรรมร่วมกับเว็บไซต์ได้ แต่ต้องล็อกอินก่อน ::
  ล็อกอิน

รายการสื่อสารสนเทศ

ลำดับที่ ประเภท เลขเรียก/บาร์โค้ด สถานที่ สถานะ
- ไม่พบข้อมูล -

BibComment


ยังไม่เคยถูกคอมเมนท์

คอมเมนท์ทรัพยากรรายการนี้
  คอมเมนท์: เหลียวมองประสบการ..


 Copyright 2026. Bcnsprnw @Library